|
|
|
|
| LEADER |
00000cam a2200000Mi 4500 |
| 001 |
ELB139539 |
| 003 |
FINmELB |
| 005 |
20220615121057.0 |
| 006 |
m o u |
| 007 |
cr cn||||||||| |
| 008 |
170314s2017 xx 000 0 eng d |
| 020 |
|
|
|a 9781136681813
|q (e-book)
|
| 020 |
|
|
|z 9780415673136
|
| 035 |
|
|
|a (OCoLC)1294613049
|
| 040 |
|
|
|a FINmELB
|c FINmELB
|d FINmELB
|
| 050 |
|
4 |
|a PR4038.H4
|b H37 1984
|
| 100 |
1 |
|
|a Hardy, J. P.
|q (John P.),
|d 1933-
|
| 245 |
1 |
0 |
|a Jane Austen's heroines :
|b intimacy in human relationships /
|c John Hardy.
|
| 264 |
|
1 |
|a London ;
|a New York :
|b Routledge,
|c 2017.
|
| 300 |
|
|
|a 1 online resource (volumes
|
| 336 |
|
|
|a text
|b txt
|2 rdacontent
|
| 337 |
|
|
|a unmediated
|b n
|2 rdamedia
|
| 338 |
|
|
|a volume
|b nc
|2 rdacarrier
|
| 490 |
0 |
|
|a Routledge Library Editions. Jane Austen
|
| 588 |
|
|
|a Description based on metadata supplied by the publisher and other sources.
|
| 590 |
|
|
|a Electronic reproduction. Santa Fe, Arg.: elibro, 2022. Available via World Wide Web. Access may be limited to eLibro affiliated libraries.
|
| 600 |
1 |
0 |
|a Austen, Jane,
|d 1775-1817
|x Characters
|x Heroines.
|
| 600 |
1 |
0 |
|a Austen, Jane,
|d 1775-1817
|x Knowledge
|x Psychology.
|
| 600 |
1 |
0 |
|a Austen, Jane,
|d 1775-1817
|x Characters
|x Women.
|
| 650 |
|
0 |
|a Psychological fiction, English
|x History and criticism.
|
| 650 |
|
0 |
|a Interpersonal relations in literature.
|
| 650 |
|
0 |
|a Intimacy (Psychology) in literature.
|
| 650 |
|
0 |
|a Heroines in literature.
|
| 650 |
|
0 |
|a Women in literature.
|
| 655 |
|
4 |
|a Electronic books.
|
| 797 |
2 |
|
|a elibro, Corp.
|
| 856 |
4 |
0 |
|u https://elibro.uam.elogim.com/ereader/bidiuam/139539
|z Texto completo
|